| 000 | 00379nam a22001097a 4500 | ||
|---|---|---|---|
| 008 | 230522b |||||||| |||| 00| 0 eng d | ||
| 082 | _a636.7 | ||
| 100 | _aG. Sreekumar Menon, Anees C., and Ani Bency Jacob | ||
| 245 |
_aDetection Dog, the canine companion in customs; _bNational Academy of Customs, Excise and Narcotics, Faridabad - 121008 |
||
| 300 |
_a190 p. _c23 cm |
||
| 942 | _2ddc | ||
| 999 |
_c9602 _d9603 |
||